MARC details
| 000 -LEADER |
| fixed length control field |
01141nam a22003017a 4500 |
| 003 - CONTROL NUMBER IDENTIFIER |
| control field |
OSt |
| 005 - DATE AND TIME OF LATEST TRANSACTION |
| control field |
20260406153359.0 |
| 008 - FIXED-LENGTH DATA ELEMENTS--GENERAL INFORMATION |
| fixed length control field |
260406b |||||||| |||| 00| 0 eng d |
| 020 ## - INTERNATIONAL STANDARD BOOK NUMBER |
| International Standard Book Number |
9780716626299 |
| 040 ## - CATALOGING SOURCE |
| Transcribing agency |
HS LRC |
| 050 ## - LIBRARY OF CONGRESS CALL NUMBER |
| Classification number |
BL 2600 |
| Item number |
.C954au 2016 |
| 100 ## - MAIN ENTRY--PERSONAL NAME |
| Personal name |
Croy, Anita |
| 9 (RLIN) |
11782 |
| 245 ## - TITLE STATEMENT |
| Title |
Myths and legends of Australia, New Zealand, and Pacific Islands / |
| Statement of responsibility, etc. |
Anita Croy |
| 260 ## - PUBLICATION, DISTRIBUTION, ETC. (IMPRINT) |
| Place of publication, distribution, etc. |
Chicago, Illinois : |
| Name of publisher, distributor, etc. |
World Book, |
| Date of publication, distribution, etc. |
c2016. |
| 265 ## - SOURCE FOR ACQUISITION/SUBSCRIPTION ADDRESS [OBSOLETE] |
| Source for acquisition/subscription address |
Phoenix Educational Systems, Inc. |
| 300 ## - PHYSICAL DESCRIPTION |
| Extent |
64 pages : |
| Other physical details |
color illustrations ; |
| Dimensions |
26 cm. |
| 365 ## - TRADE PRICE |
| Price amount |
1,667.00 |
| 440 ## - SERIES STATEMENT/ADDED ENTRY--TITLE |
| Title |
Famous Myths and Legends of the World |
| 9 (RLIN) |
24871 |
| 504 ## - BIBLIOGRAPHY, ETC. NOTE |
| Bibliography, etc |
Includes glossary, references and index. |
| 650 ## - SUBJECT ADDED ENTRY--TOPICAL TERM |
| Topical term or geographic name as entry element |
Mythology, Aboriginal Australian |
| General subdivision |
Juvenile literature |
| 9 (RLIN) |
131558 |
| 650 ## - SUBJECT ADDED ENTRY--TOPICAL TERM |
| Topical term or geographic name as entry element |
Aboriginal Australian |
| General subdivision |
Folklore |
| Chronological subdivision |
Juvenile literature |
| 9 (RLIN) |
131559 |
| 650 ## - SUBJECT ADDED ENTRY--TOPICAL TERM |
| Topical term or geographic name as entry element |
Mythology, Maori |
| General subdivision |
Juvenile literature |
| 9 (RLIN) |
131560 |
| 650 ## - SUBJECT ADDED ENTRY--TOPICAL TERM |
| Topical term or geographic name as entry element |
Mythology |
| General subdivision |
Polynesians |
| 9 (RLIN) |
131561 |
| 650 ## - SUBJECT ADDED ENTRY--TOPICAL TERM |
| Topical term or geographic name as entry element |
Polynesians |
| General subdivision |
Folklore |
| Chronological subdivision |
Juvenile literature |
| 9 (RLIN) |
131562 |
| 650 ## - SUBJECT ADDED ENTRY--TOPICAL TERM |
| Topical term or geographic name as entry element |
Australia |
| General subdivision |
Folklore |
| Chronological subdivision |
Juvenile literature |
| 9 (RLIN) |
131563 |
| 650 ## - SUBJECT ADDED ENTRY--TOPICAL TERM |
| Topical term or geographic name as entry element |
New Zealand |
| General subdivision |
Folklore |
| Chronological subdivision |
Juvenile literature |
| 9 (RLIN) |
131564 |
| 942 ## - ADDED ENTRY ELEMENTS (KOHA) |
| Source of classification or shelving scheme |
Library of Congress Classification |
| Koha item type |
Books |